Salud y belleza : (Registro nro. 4146)

Detalles MARC
000 -LEADER
fixed length control field 00855nam a2200229Ia 4500
003 - CONTROL NUMBER IDENTIFIER
control field OSt
005 - DATE AND TIME OF LATEST TRANSACTION
control field 20200929134316.0
008 - FIXED-LENGTH DATA ELEMENTS--GENERAL INFORMATION
fixed length control field 191128s2000 ck gr 000 0 spa d
020 ## - INTERNATIONAL STANDARD BOOK NUMBER
International Standard Book Number 9582811862
040 ## - CATALOGING SOURCE
Original cataloging agency CO-JMCR
Transcribing agency CO-JMCR
041 0# - LANGUAGE CODE
Language code of text/sound track or separate title spa
082 04 - DEWEY DECIMAL CLASSIFICATION NUMBER
Classification number 615 /
Item number G569s
Edition number 23
100 1# - MAIN ENTRY--PERSONAL NAME
Personal name Gómez Villa, Jimena,
Relator term autor
9 (RLIN) 10977
245 10 - TITLE STATEMENT
Title Salud y belleza :
Remainder of title Consejos, trucos, y recetas de la sabiduría popular para la salud y la belleza con ingredientes naturales /
Statement of responsibility, etc. Jimena Gómez Villa
260 ## - PUBLICATION, DISTRIBUTION, ETC.
Place of publication, distribution, etc. Bogotá :
Name of publisher, distributor, etc. Círculo de lectores,
Date of publication, distribution, etc. 2000.
300 ## - PHYSICAL DESCRIPTION
Extent 276 páginas
Dimensions 22 cm.
490 0# - SERIES STATEMENT
Series statement Colección secretos de la abuela
505 0# - FORMATTED CONTENTS NOTE
Formatted contents note Consejos de belleza -- Dolencias y cómo aliviarlos -- Más secretos de la abuela para vivr mejor
650 24 - SUBJECT ADDED ENTRY--TOPICAL TERM
Topical term or geographic name entry element Salud y belleza
9 (RLIN) 10978
650 24 - SUBJECT ADDED ENTRY--TOPICAL TERM
Topical term or geographic name entry element Consejos y trucos
General subdivision Belleza
9 (RLIN) 10979
942 ## - ADDED ENTRY ELEMENTS (KOHA)
Source of classification or shelving scheme Dewey Decimal Classification
Koha item type Books
Existencias
Withdrawn status Lost status Source of classification or shelving scheme Materials specified (bound volume or other part) Damaged status Not for loan Home library Current library Shelving location Date acquired Source of acquisition Full call number Barcode Date last seen Copy number Price effective from Koha item type
    Dewey Decimal Classification Donación--06/08/2018--     Biblioteca Pública José María del Castillo y Rada Biblioteca Pública José María del Castillo y Rada General Stacks 11/28/2019 Donación 615 / G569s 201808967 11/28/2019 Ej.1 11/28/2019 Books